| 000 | 00448nam a2200181Ia 4500 | ||
|---|---|---|---|
| 001 | 8658 | ||
| 003 | IN-NITTTR | ||
| 005 | 20251114233040.0 | ||
| 008 | 251113s9999||||xx |||||||||||||| ||eng|| | ||
| 040 | _beng | ||
| 040 | _cIN-NITTTR | ||
| 041 | _aeng | ||
| 082 | _a923.2 M314D | ||
| 100 | _aMankekar, D. R. | ||
| 245 | 0 |
_aDecline and fall of Indira Gandhi. / _cMankekar, D. R., Mankekar, Kamla |
|
| 700 | _a Mankekar, Kamla | ||
| 942 |
_2ddc _cBK |
||
| 999 |
_c11295 _d11295 |
||